LDR 00907naa#a2200181#i#450# 001 RU\\bibl\120552 005 20260418023428.6 011 ## _a2073-5537 100 ## _a20260416b2026####ek#y0rusy0150####ca 102 ## _aRU 200 1# _aВлияние экономической политики государства на развитие цифровизации в регионах на примере города Шэньчжэнь (КНР) _eЖурнальная статья 210 1# _aАстрахань _cАстраханский государственный технический университет _d2026 215 ## _a6 с. 608 ## _aЖурнальная статья _2local 675 ## _aЦели региональной экономической политики. 332.142 _z 700 #1 _aДадалко _gВасилий Александрович 700 #1 _aСунь _gЛэ 856 4# _avestnik.astu.org _u